000
00177 a2200097 4500
020
_a
9789992467138
041
_a
spa
100
_a
Cardenal, Ernesto
245
_a
Apalka
942
_c
BK
999
_c
527
_d
527